Finances locales
Zapisane w:
| 1. autor: | |
|---|---|
| Format: | Książka |
| Język: | Undetermined |
| Wydane: |
Paris, Fre.
Dalloz
2002
|
| Hasła przedmiotowe: | |
| Etykiety: |
Dodaj etykietę
Nie ma etykietki, Dołącz pierwszą etykiete!
|
| Thư viện lưu trữ: | Trung tâm Học liệu Trường Đại học Cần Thơ |
|---|
| LEADER | 00504nam a2200193Ia 4500 | ||
|---|---|---|---|
| 001 | CTU_61604 | ||
| 008 | 210402s9999 xx 000 0 und d | ||
| 082 | |a 352.4 | ||
| 082 | |b M994 | ||
| 100 | |a Muzellec, Raymond | ||
| 245 | 0 | |a Finances locales | |
| 245 | 0 | |c Raymond Muzellec | |
| 260 | |a Paris, Fre. | ||
| 260 | |b Dalloz | ||
| 260 | |c 2002 | ||
| 650 | |a Administrative law,Finance, public | ||
| 650 | |x Management | ||
| 904 | |i Minh,Hải | ||
| 980 | |a Trung tâm Học liệu Trường Đại học Cần Thơ | ||